An introduction to crop physiology

Kaydedildi:
Detaylı Bibliyografya
Yazar: F L Milthorpe
Materyal Türü: Kitap
Dil:Undetermined
Baskı/Yayın Bilgisi: USA Cambridge University Press 1979
Konular:
Etiketler: Etiketle
Etiket eklenmemiş, İlk siz ekleyin!
Thư viện lưu trữ: Trung tâm Học liệu Trường Đại học Cần Thơ
LEADER 00528nam a2200181Ia 4500
001 CTU_29973
008 210402s9999 xx 000 0 und d
082 |a 581.1 
082 |b M662 
100 |a F L Milthorpe 
245 3 |a An introduction to crop physiology 
245 0 |c F L Milthorpe, J Moorby 
260 |a USA 
260 |b Cambridge University Press 
260 |c 1979 
650 |a plant physiology,plants, cultivated - physiology 
904 |i Liên, 990121 
980 |a Trung tâm Học liệu Trường Đại học Cần Thơ